Logo BPK

Bibliografia Prac Pracowników

Politechniki Koszalińskiej

Stan termiczny wysokociśnieniowej strugi wodnej / (Rekord nr 3579)

Szczegóły MARC
000 -ETYKIETA REKORDU
podpole kontrolne o stałej długości 01492naa a2200217 i 4500
001 - NUMER KONTROLNY REKORDU
podpole kontrolne 3579
003 - IDENTYFIKATOR NUMERU KONTROLNEGO REKORDU
podpole kontrolne KOSZ 005
005 - DATA OSTATNIEJ MODYFIKACJI REKORDU
podpole kontrolne 20180219161448.0
008 - POLE O STAŁEJ DŁUGOŚCI - DANE KONTROLNE
podpole kontrolne o stałej długości 150203s2008 pl n f |000 0pol
040 ## - ŹRÓDŁO KATALOGOWANIA
Instytucja, która utworzyła rekord BPK
Instytucja, która dokonała modyfikacji KOSZ 005/EG
080 ## - UNIWERSALNA KLASYFIKACJA DZIESIĘTNA - UKD
UKD 621.791/.795
100 1# - NAZWA OSOBOWA
Nazwa osobowa BORKOWSKI, Józef.
Lata pracy 1996 - .
Instytucja Politechnika Koszalińska - Centrum Niekonwencjonalnych Technologii Hydrostrumieniowych
245 10 - TYTUŁ/ODPOWIEDZIALNOŚĆ
Tytuł Stan termiczny wysokociśnieniowej strugi wodnej /
Pozostałe elementy strefy tytułu i oznaczenia odpowiedzialności Józef Borkowski, Przemysław Borkowski, Artur Sokołowski.
500 ## - UWAGI OGÓLNE
Tekst uwagi Dane z autopsji.
520 ## - UWAGA DOTYCZĄCA TREŚCI DOKUMENTU
Analiza dokumentacyjna, adnotacja itp. Zastosowanie termografii w zakresie promieniowania podczerwonego jest efektywną techniką monitorowania rozkładu temperatury w strudze wysokociśnieniowej oraz w strefie obróbki. Temperatura w strefie obróbki, jak i samej strugi rośnie wraz ze zwiększeniem ciśnienia wody.
650 #0 - HASŁO PRZEDMIOTOWE W FORMIE NAZWY OGÓLNEJ LUB JEDNOSTKOWEJ
Nazwa ogólna lub geograficzna Obróbka wodno-ścierna.
700 1# - HASŁO DODATKOWE - NAZWA OSOBOWA
Nazwa osobowa BORKOWSKI, Przemysław.
Lata pracy 1996 - 2013.
Instytucja Politechnika Koszalińska - Centrum Niekonwencjonalnych Technologii Hydrostrumieniowych
700 1# - HASŁO DODATKOWE - NAZWA OSOBOWA
Nazwa osobowa SOKOŁOWSKI, Artur.
Lata pracy 2005 - .
Instytucja Politechnika Koszalińska - Centrum Niekonwencjonalnych Technologii Hydrostrumieniowych
773 0# - TYTUŁ DOKUMENTU MACIERZYSTEGO
Wyrażenie wprowadzające W :
Tytuł Wysokociśnieniowe technologie hydrostrumieniowe / pod red. Józefa A. Borkowskiego, Przemysława J. Borkowskiego. -
Adres wydawniczy Koszalin : Wydaw. Uczelniane Politechniki Koszalińskiej, 2008. -
Informacje dotyczące relacji s. 131-140
Strefa serii Monografia / Instytut Niekonwencjonalnych Technologii Hydrostrumieniowych ; nr 154
942 ## - HASŁO DODATKOWE - ELEMENTY(KOHA)
Typ dokumentu Rozdział
Schemat klasyfikacji Uniwersalna klasyfikacja dziesiętna
Egzemplarze
Wycofany Zagubiony Uszkodzony Dostępność Lokalizacja stała Lokalizacja bieżąca Sygnatura Typ dokumentu
      Dostępny Bibliografia Prac Pracowników - BPK Bibliografia Prac Pracowników - BPK 90729 Rozdział
© 2014 Biblioteka Politechniki Koszalińskiej :: BIBLIOGRAFIA PRAC PRACOWNIKÓW